Los grandes descubrimientos / (Record no. 110503)

MARC details
000 -LEADER
campo de control de longitud fija 01233namaa2200337 i 4500
001 - NÚMERO DE CONTROL
campo de control 110503
003 - IDENTIFICADOR DE NÚMERO DE CONTROL
campo de control ES-MaACL
005 - FECHA Y HORA DE LA ÚLTIMA TRANSACCIÓN
campo de control 20250831063037.0
007 - CAMPO FIJO DE DESCRIPCIÓN FÍSICA--INFORMACIÓN GENERAL
campo de control de longitud fija ta
008 - DATOS DE LONGITUD FIJA--INFORMACIÓN GENERAL
campo de control de longitud fija 220524s2002 sp a 001 0 spa
017 ## - NÚMERO DE COPYRIGHT O DE DEPÓSITO LEGAL
Número de copyright o de depósito legal B 47859-2002
Agencia que asigna Oficina Depósito Legal Barcelona
020 ## - NÚMERO INTERNACIONAL ESTÁNDAR DEL LIBRO
Número Internacional Estándar del Libro 84-395-9964-1
080 ## - NÚMERO DE LA CLASIFICACIÓN DECIMAL UNIVERSAL
Número de la Clasificación Decimal Universal 930.85
080 ## - NÚMERO DE LA CLASIFICACIÓN DECIMAL UNIVERSAL
Número de la Clasificación Decimal Universal 001(091)
080 ## - NÚMERO DE LA CLASIFICACIÓN DECIMAL UNIVERSAL
Número de la Clasificación Decimal Universal 910.4(091)
100 1# - ENTRADA PRINCIPAL--NOMBRE DE PERSONA
Nombre de persona Boorstin, Daniel J.,
Fechas asociadas al nombre 1914-2004
Término indicativo de función/relación Autor
9 (RLIN) 30326
245 14 - MENCIÓN DEL TÍTULO
Título Los grandes descubrimientos /
Mención de responsabilidad, etc. Daniel J. Boorstin ; [traducción, Susana Litjmaer]
260 ## - PUBLICACIÓN, DISTRIBUCIÓN, ETC.
Lugar de publicación, distribución, etc. [Barcelona] :
Nombre del editor, distribuidor, etc. Planeta-De Agostini,
Fecha de publicación, distribución, etc. [2002]
300 ## - DESCRIPCIÓN FÍSICA
Extensión 6 volúmenes (1502 páginas) :
Otras características físicas ilustraciones (blanco y negro y color) ;
Dimensiones 30 cm
500 ## - NOTA GENERAL
Nota general Índice: v. 6.
505 0# - NOTA DE CONTENIDO CON FORMATO
Nota de contenido con formato Vol. 1. El tiempo - v. 2-3. La tierra y los mares - v. 4. La naturaleza - v. 5-6. La sociedad
594 ## - Nota al título y mención de responsabilidad
a Traducción de: The discoverers
650 #4 - PUNTO DE ACCESO ADICIONAL DE MATERIA--TÉRMINO DE MATERIA
Término de materia o nombre geográfico como elemento de entrada Civilización-
Subdivisión general Historia
9 (RLIN) 11082
650 #4 - PUNTO DE ACCESO ADICIONAL DE MATERIA--TÉRMINO DE MATERIA
Término de materia o nombre geográfico como elemento de entrada Ciencia-
Subdivisión de forma Historia
9 (RLIN) 10954
650 #4 - PUNTO DE ACCESO ADICIONAL DE MATERIA--TÉRMINO DE MATERIA
Término de materia o nombre geográfico como elemento de entrada Descubrimientos geográficos-
Subdivisión de forma Historia
9 (RLIN) 11830
700 1# - ENTRADA AGREGADA--NOMBRE PERSONAL
Nombre de persona Litjnaer, Susana
Término indicativo de función/relación Traductor
9 (RLIN) 174589
852 4# - LOCALIZACIÓN
Ubicación ES-MaACL
Número de control de estantería ENC 930.85 BOO gra
942 ## - ELEMENTOS DE ENTRADA SECUNDARIOS (KOHA)
Fuente del sistema de clasificación o colocación Clasificación decimal universal
Tipo de ítem Koha Libro impreso
Suprimir en OPAC No
Holdings
Estatus retirado Estado de pérdida Estado de daño No para préstamo Biblioteca de origen Biblioteca actual Ubicación en estantería Fecha de adquisición Fuente de adquisición Total de préstamos Signatura topográfica completa Código de barras Visto por última vez Precio de reemplazo Tipo de ítem Koha
        Biblioteca del Ateneo de Madrid Biblioteca del Ateneo de Madrid Sala Pecera Referencia 24/05/2022     ENC 930.85 BOO gra 1202980 23/02/2023 23/02/2023 Libro impreso
        Biblioteca del Ateneo de Madrid Biblioteca del Ateneo de Madrid Sala Pecera Referencia 05/09/2022     ENC 930.85 BOO gra 1203261 23/02/2023 23/02/2023 Libro impreso
        Biblioteca del Ateneo de Madrid Biblioteca del Ateneo de Madrid Sala Pecera Referencia 05/09/2022     ENC 930.85 BOO gra 1203262 23/02/2023 23/02/2023 Libro impreso
        Biblioteca del Ateneo de Madrid Biblioteca del Ateneo de Madrid Sala Pecera Referencia 05/09/2022     ENC 930.85 BOO gra 1203263 23/02/2023 23/02/2023 Libro impreso
        Biblioteca del Ateneo de Madrid Biblioteca del Ateneo de Madrid Sala Pecera Referencia 05/09/2022     ENC 930.85 BOO gra 1203264 23/02/2023 23/02/2023 Libro impreso
        Biblioteca del Ateneo de Madrid Biblioteca del Ateneo de Madrid Sala Pecera Referencia 05/09/2022     ENC 930.85 BOO gra 1203265 23/02/2023 23/02/2023 Libro impreso